Psychology of Adjustment/ (Record no. 166882)

MARC details
000 -LEADER
fixed length control field 00660nam a22001817a 4500
010 ## - LCCN (DPL NO)
LC control number ENG-126162
020 ## - INTERNATIONAL STANDARD BOOK NUMBER
International Standard Book Number 978-81-8676-194-1
Terms of availability 999.00
035 ## - SYSTEM CONTROL NUMBER
System control number EN-109694
037 ## - SOURCE OF ACQUISITION
Source of stock number/acquisition DBAD/PUB
082 ## - DEWEY DECIMAL CLASSIFICATION NUMBER
Classification number 155.24
100 ## - MAIN ENTRY--PERSONAL NAME
Personal name BrajBhushan
245 ## - TITLE STATEMENT
Title Psychology of Adjustment/
Statement of responsibility, etc by BrajBhusan[and]Alok Bajpai
260 ## - PUBLICATION, DISTRIBUTION, ETC. (IMPRINT)
Place of publication, distribution, etc New Delhi
Name of publisher, distributor, etc Ane Books Pvt. Ltd.
Date of publication, distribution, etc 2019
270 ## - ADDRESS
Address 4821, Parwana Bhawan, 1st Floor, 24 Ansari Road , Daeyaganj
City New Delhi
Postal code 110002
Telephone number +91(011)23276843-44
Fax number 91(011) 23276863
Electronic mail address Kapoor@anebooks.com
300 ## - PHYSICAL DESCRIPTION
Extent vii+158p.
Dimensions 24cm(pbk)
Other physical details ill
500 ## - GENERAL NOTE
General note it includes index and bibliography
942 ## - ADDED ENTRY ELEMENTS (KOHA)
Source of classification or shelving scheme Dewey Decimal Classification
Item type English Books
Classification part 155.24
Call number suffix BHU
Holdings
Withdrawn status Lost status Not for loan Collection code Home library Current library Date acquired Source of acquisition Cost, normal purchase price Full call number Barcode Copy number Cost, replacement price Koha item type
      Non-fiction Ashok Vihar Ashok Vihar 13/08/2019 DBAD/PUB 999.00 155.24 BHU EN-109694 1 999.00 English Books

© Delhi Public Library
Hit Counter
free hit counter